Mistrzowie Świata F1 - Statystyki

Ogólne statystyki
  • Ten quiz został rozwiązany 4 268 razy
    2 267 od ostatniego zresetowania
  • Średni wynik to 54 z 74
Statystyki odpowiedzi
Rok Kraj Zespół Odpowiedź % Poprawnych
2008 Wielka Brytania McLaren Lewis Hamilton
99%
2014 Wielka Brytania Mercedes Lewis Hamilton
99%
2015 Wielka Brytania Mercedes Lewis Hamilton
99%
2017 Wielka Brytania Mercedes Lewis Hamilton
99%
2018 Wielka Brytania Mercedes Lewis Hamilton
99%
2019 Wielka Brytania Mercedes Lewis Hamilton
99%
2020 Wielka Brytania Mercedes Lewis Hamilton
99%
2021 Holandia Red Bull Max Verstappen
99%
2022 Holandia Red Bull Max Verstappen
99%
2023 Holandia Red Bull Max Verstappen
99%
1994 Niemcy Benetton Michael Schumacher
97%
1995 Niemcy Benetton Michael Schumacher
97%
2000 Niemcy Ferrari Michael Schumacher
97%
2001 Niemcy Ferrari Michael Schumacher
97%
2002 Niemcy Ferrari Michael Schumacher
97%
2003 Niemcy Ferrari Michael Schumacher
97%
2004 Niemcy Ferrari Michael Schumacher
97%
2010 Niemcy Red Bull Sebastian Vettel
96%
2011 Niemcy Red Bull Sebastian Vettel
96%
2012 Niemcy Red Bull Sebastian Vettel
96%
2013 Niemcy Red Bull Sebastian Vettel
96%
2005 Hiszpania Renault Fernando Alonso
95%
2006 Hiszpania Renault Fernando Alonso
95%
1988 Brazylia McLaren Ayrton Senna
93%
1990 Brazylia McLaren Ayrton Senna
93%
1991 Brazylia McLaren Ayrton Senna
93%
2007 Finlandia Ferrari Kimi Raikkonen
91%
2016 Niemcy Mercedes Nico Rosberg
91%
1982 Finlandia Williams Keke Rosberg
89%
1985 Francja McLaren Alain Prost
86%
1986 Francja McLaren Alain Prost
86%
1989 Francja McLaren Alain Prost
86%
1993 Francja Williams Alain Prost
86%
2009 Wielka Brytania Brawn Jenson Button
84%
1975 Austria Ferrari Niki Lauda
82%
1977 Austria Ferrari Niki Lauda
82%
1984 Austria McLaren Niki Lauda
82%
1998 Finlandia McLaren Mika Hakkinen
78%
1999 Finlandia McLaren Mika Hakkinen
78%
1951 Argentyna Alfa Romeo Juan Manuel Fangio
71%
1954 Argentyna Maserati/Mercedes Juan Manuel Fangio
71%
1955 Argentyna Mercedes Juan Manuel Fangio
71%
1956 Argentyna Ferrari Juan Manuel Fangio
71%
1957 Argentyna Maserati Juan Manuel Fangio
71%
1996 Wielka Brytania Williams Damon Hill
64%
1962 Wielka Brytania BRM Graham Hill
63%
1968 Wielka Brytania Lotus Graham Hill
63%
1992 Wielka Brytania Williams Nigel Mansell
62%
1961 USA Ferrari Phil Hill
62%
1981 Brazylia Brabham Nelson Piquet
61%
1983 Brazylia Brabham Nelson Piquet
61%
1987 Brazylia Williams Nelson Piquet
61%
1997 Kanada Williams Jacques Villeneuve
60%
1952 Włochy Ferrari Alberto Ascari
56%
1953 Włochy Ferrari Alberto Ascari
56%
1950 Włochy Alfa Romeo Giuseppe Farina
51%
1959 Australia Cooper Jack Brabham
51%
1960 Australia Cooper Jack Brabham
51%
1966 Australia Brabham Jack Brabham
51%
1976 Wielka Brytania McLaren James Hunt
51%
1972 Brazylia Lotus Emerson Fittipaldi
49%
1974 Brazylia McLaren Emerson Fittipaldi
49%
1969 Wielka Brytania Matra Jackie Stewart
45%
1971 Wielka Brytania Tyrell Jackie Stewart
45%
1973 Wielka Brytania Tyrell Jackie Stewart
45%
1963 Wielka Brytania Lotus Jim Clark
42%
1965 Wielka Brytania Lotus Jim Clark
42%
1978 USA Lotus Mario Andretti
41%
1979 RPA Ferrari Jody Scheckter
36%
1970 Austria Lotus Jochen Rindt
30%
1980 Australia WIlliams Alan Jones
29%
1958 Wielka Brytania Ferrari Mike Hawthorn
25%
1964 Wielka Brytania Ferrari John Surtees
23%
1967 Nowa Zelandia Brabham Denny Hulme
22%
Nie znaleziono quizów pasujących do podanych kryteriów
Rozkład punktacji
Procent ludzi z każdym wynikiem
Percentyl według liczby udzielonych odpowiedzi
Twoja historia wyników
Nie rozwiązałeś tego quizu od ostatniego zresetowania